[Event "Russian Chess Championships Higher League (Women)"]
[Site "Taganrog RUS"]
[Date "2011.06.16"]
[EventDate "2011.06.15"]
[Round "2"]
[Result "1/2-1/2"]
[White "Elena Semenova"]
[Black "Maria Fominykh"]
[WhiteElo "2188"]
[BlackElo "2291"]
[PlyCount "80"]

1. e4 d6 2. f4 d5 3. exd5 Qxd5 4. Nc3 Qd6 5. d4 c6 6. h3 h5
7. Nf3 Nh6 8. Bd3 Nf5 9. Ne4 Qd5 10. Qe2 Be6 11. Be3 Na6
12. Nfg5 Nb4 13. Nxe6 Qxe6 14. O-O Nxd3 15. Qxd3 Nxe3 16. Nc5
Qd5 17. Qxe3 O-O-O 18. Rad1 Rh6 19. f5 e6 20. fxe6 Bxc5 21. e7
Bxe7 22. Qxe7 Rg6 23. Rd2 f6 24. Qa3 Kb8 25. Re1 h4 26. Qd3
Rg3 27. Qe4 Qg5 28. Rf2 Rxh3 29. Rf5 Qg3 30. Qf4+ Qxf4
31. Rxf4 Rg3 32. Rxh4 Kc7 33. Re7+ Rd7 34. Rhe4 Rg5 35. a4 c5
36. dxc5 Rxc5 37. c3 Rcd5 38. Rc4+ Kd8 39. Re2 Rd1+ 40. Kf2
R7d2 1/2-1/2

[Event "Russian Chess Championships Higher League (Women)"]
[Site "Taganrog RUS"]
[Date "2011.06.17"]
[EventDate "2011.06.15"]
[Round "3"]
[Result "0-1"]
[White "Maria Fominykh"]
[Black "Ekaterina Kindinova"]
[WhiteElo "2291"]
[BlackElo "2159"]
[PlyCount "86"]

1. d4 Nf6 2. c4 g6 3. Nf3 Bg7 4. Nc3 O-O 5. e4 d6 6. h3 c6
7. Be3 Na6 8. Be2 e5 9. d5 Nh5 10. g3 Nc7 11. Nd2 Nf6 12. g4
Nfe8 13. h4 f5 14. gxf5 gxf5 15. Bg5 Qd7 16. Rg1 Kh8 17. exf5
Qxf5 18. Nde4 cxd5 19. cxd5 b5 20. Bg4 Qf7 21. Bh5 Qd7 22. a3
a5 23. Be3 Qh3 24. Bxe8 Nxe8 25. Qh5 Bf5 26. Ke2 Rb8 27. Ng5
Nf6 28. Nf7+ Rxf7 29. Qxf7 Bg4+ 30. Ke1 Rf8 31. Qb7 Qh2 32. f3
Qxb2 33. Rc1 Bd7 34. Bd2 Qxa3 35. Nxb5 Qxf3 36. Nxd6 Ne4
37. Qb6 Nxd6 38. Qe3 Qf6 39. Rc7 Bh6 40. Qxh6 Qf2+ 41. Kd1
Ba4+ 42. Kc1 Qxg1+ 43. Kb2 Rb8+ 0-1

[Event "Russian Chess Championships Higher League (Women)"]
[Site "Taganrog RUS"]
[Date "2011.06.20"]
[EventDate "2011.05.15"]
[Round "5"]
[Result "0-1"]
[White "Maria Fominykh"]
[Black "Anastasia Savina"]
[WhiteElo "2291"]
[BlackElo "2389"]
[PlyCount "108"]

1. d4 Nf6 2. c4 g6 3. g3 Bg7 4. Bg2 O-O 5. Nf3 d6 6. O-O Nc6
7. Nc3 a6 8. b3 e5 9. dxe5 dxe5 10. Ba3 Re8 11. Qc1 Bg4
12. Rd1 Qc8 13. Bc5 e4 14. Ne1 Qf5 15. Be3 Bh3 16. Bh1 Ng4
17. Ng2 Bxg2 18. Bxg2 Qf6 19. Nd5 Qxa1 20. Qxa1 Bxa1 21. Rxa1
Nxe3 22. fxe3 Re5 23. Bxe4 Rc8 24. Bf3 Kg7 25. g4 Nd8 26. Kf2
c6 27. Nb6 Rc7 28. Rd1 Ne6 29. b4 Ng5 30. Rd3 h5 31. gxh5 Nxf3
32. exf3 Rxh5 33. Kg3 Rg5+ 34. Kf2 Rh5 35. Kg3 Rg5+ 36. Kf2 c5
37. Nd5 Rc8 38. bxc5 Rxc5 39. h4 Rh5 40. Rd4 Ra5 41. Nf4 Rxa2+
42. Kg3 Rc5 43. Rd7 Kf8 44. Nd3 Rxc4 45. Ne5 Rc5 46. Nxf7 b5
47. Ng5 Rc6 48. e4 b4 49. e5 Ra5 50. f4 b3 51. e6 Rxg5+
52. fxg5 Rb6 53. Kf4 b2 54. Ke5 b1=Q 0-1

[Event "Russian Chess Championships Higher League (Women)"]
[Site "Taganrog RUS"]
[Date "2011.06.24"]
[EventDate "2011.05.15"]
[Round "8"]
[Result "1-0"]
[White "Maria Fominykh"]
[Black "Dina Belenkaya"]
[WhiteElo "2291"]
[BlackElo "2198"]
[PlyCount "111"]

1. c4 e5 2. Nc3 Nf6 3. g3 d5 4. cxd5 Nxd5 5. Bg2 Nb6 6. Nf3
Nc6 7. O-O Be7 8. a3 Be6 9. b4 Nd4 10. Rb1 Nxf3+ 11. Bxf3 Rb8
12. Qc2 O-O 13. d3 Qd7 14. a4 Rfc8 15. b5 Nd5 16. Nxd5 Bxd5
17. Bxd5 Qxd5 18. Be3 Ra8 19. Rfc1 Bd6 20. Qc4 Qxc4 21. Rxc4
Kf8 22. Rbc1 Ke7 23. f4 Kd7 24. fxe5 Bxe5 25. Bf4 Bd6 26. Kf2
a6 27. b6 Bxf4 28. Rxf4 f6 29. Rd4+ Ke7 30. bxc7 b5 31. axb5
axb5 32. Rd5 Ra7 33. Rdc5 Kd7 34. Rxb5 Rcxc7 35. Rxc7+ Kxc7
36. Kf3 Ra2 37. h4 Kc6 38. Rb8 Ra1 39. h5 Rf1+ 40. Kg2 Rf5
41. Rg8 Rg5 42. h6 gxh6 43. Rf8 Rg6 44. Rf7 Kd5 45. Kf3 Ke6
46. Rxh7 f5 47. Ra7 Rg4 48. Ra6+ Ke5 49. Rxh6 Rg8 50. Ra6 Rg7
51. Ra8 Ke6 52. Ra4 Rf7 53. Kf4 Rf8 54. Ra6+ Kd7 55. Ra5 Re8
56. Re5 1-0